| 000 | 00528nam a2200181 4500 | ||
|---|---|---|---|
| 001 | 25095 | ||
| 005 | 20230411085919.0 | ||
| 008 | 060907n1989 dr spa | ||
| 020 | _a0872877256 | ||
| 035 | _9funglode25286 | ||
| 041 | _aEN | ||
| 050 | 1 | 4 | _aR Z 7161 S678 1989 |
| 245 | 0 | 4 |
_aThe social sciences : _ba cross-disciplinary guide to selected sources / _cNancy L. Herron, editor |
| 260 |
_aColorado : _bLibraries Unlimited, _c1989 |
||
| 300 | _axiv, 287 p. | ||
| 700 | _aHerron, Nancy L. | ||
| 942 |
_2lcc _cbk |
||
| 999 |
_c109232 _d109232 |
||